Chính sách Hoa Kỳ tại Việt Nam [ Việt Nam Cộng Hòa ]
Shranjeno v:
| Glavni avtor: | |
|---|---|
| Format: | Knjiga |
| Jezik: | Undetermined |
| Izdano: |
Cần Thơ
Trường Đại học Cần Thơ
2009
|
| Oznake: |
Označite
Brez oznak, prvi označite!
|
| Thư viện lưu trữ: | Trung tâm Học liệu Trường Đại học Cần Thơ |
|---|
| LEADER | 00540nam a2200169Ia 4500 | ||
|---|---|---|---|
| 001 | CTU_26333 | ||
| 008 | 210402s9999 xx 000 0 und d | ||
| 082 | |a 327 | ||
| 082 | |b H401 | ||
| 100 | |a Nguyễn Hòa | ||
| 245 | 0 | |a Chính sách Hoa Kỳ tại Việt Nam [ Việt Nam Cộng Hòa ] | |
| 245 | 0 | |c Nguyễn Hòa | |
| 260 | |a Cần Thơ | ||
| 260 | |b Trường Đại học Cần Thơ | ||
| 260 | |c 2009 | ||
| 904 | |i Nguyễn Quang Điền, 981013 | ||
| 980 | |a Trung tâm Học liệu Trường Đại học Cần Thơ | ||